|
|
|
|
| LEADER |
00000naa2a2200000 4500 |
| 001 |
312427 |
| 005 |
20231101013548.0 |
| 035 |
|
|
|a (RuTPU)RU\TPU\book\337795
|
| 035 |
|
|
|a RU\TPU\book\337791
|
| 090 |
|
|
|a 312427
|
| 100 |
|
|
|a 20151222d1970 k y0rusy50 ca
|
| 101 |
0 |
|
|a rus
|
| 102 |
|
|
|a RU
|
| 200 |
1 |
|
|a Радиолиз и влияние предварительного облучения на термическую устойчивость перхлората аммония
|f Ю. А. Захаров [и др.]
|
| 463 |
|
0 |
|0 (RuTPU)RU\TPU\book\157603
|t Труды межвузовской конференции по радиационной физике
|o Томск, 5-10 июня 1967
|f под ред. А. А. Воробьева
|v С. 309-314
|d 1970
|p 407 с.
|
| 610 |
1 |
|
|a труды учёных ТПУ
|
| 701 |
|
1 |
|a Захаров
|b Ю. А.
|c российский химик
|c профессор Томского политехнического университета
|f 1938-
|g Юрий Александрович
|2 stltpush
|3 (RuTPU)RU\TPU\pers\19791
|
| 701 |
|
1 |
|a Невоструев
|b В. А.
|
| 701 |
|
1 |
|a Исаев
|b Р. Н.
|
| 701 |
|
1 |
|a Щечков
|b Г. Т.
|
| 801 |
|
1 |
|a RU
|b 63413507
|c 20151222
|
| 801 |
|
2 |
|a RU
|b 63413507
|c 20151222
|g RCR
|
| 942 |
|
|
|c BK
|